• 首页
  • 本馆介绍
  • 公告通知
  • 最新文献
  • 馆藏检索
  • 电子资源
  • 读者导购
  • 参考咨询
  • 我的图书馆
  • 登录
  • 详细信息显示
  • 放入我的书架
  • 预约/预借图书
  • 作者相关作品
  • 分类相关作品
  • 丛书相关作品
  • 出版社相关作品

书目信息

  • 表格格式
  • 工作单格式
  • 卡片格式
题名:
白领就业指南
    
 
作者: 卢国俊 编著
分册:   出版物排版制作案例教学
出版信息: 北京   电子工业出版社  2005
页数: 14,248页
开本: 26cm
丛书名: 白领就业指南
单 册:
中图分类: TS812
科图分类:
主题词: 排版
电子资源:
ISBN: 7-121-01436-X
000 01040nam0 2200265 450
000 01174nam0 2200289 45
001 TS-213096
005 20070108172825.57
010    @a7-121-01436-X@dCNY23.00
100    @a20060829d2005 em y0chiy0120 ea
101 0  @achi
102    @aCN@b110000
105    @aa z 000yy
200 1  @a白领就业指南@ABai Ling Jiu Ye Zhi Nan@i出版物排版制作案例教学@IChu Ban Wu Pai Ban Zhi Zuo An Li Jiao Xue@f卢国俊编著@FLu Guo Jun Bian Zhu
210    @a北京@c电子工业出版社@d2005
215    @a14,248页@c图@d26cm
225 2  @a白领就业指南
330    @a本书以Word、PageMaker、InDesign、方正飞腾等主流排版软件在出版物版式设计与制作领域的实际工作流程为主要线索,介绍了版式设计过程中的完整项目流程、出版物设计的流行风格和趋势、案例设计、设计目标分析等技巧。
410  0 @12001 @a白领就业指南
517 1  @a出版物排版制作案例教学@AChu Ban Wu Pai Ban Zhi Zuo An Li Jiao Xue
606 0  @a排版
690    @aTS812@v4
701  0 @a卢国俊@ALu Guo Jun@4编著
801  0 @aCN@b中图数据@c20070108
905    @a10447@dTS812@e42
    
    白领就业指南.出版物排版制作案例教学/卢国俊编著.-北京:电子工业出版社,2005
    14,248页:图;26cm.-(白领就业指南)
    
    
    ISBN 7-121-01436-X:CNY23.00
    本书以Word、PageMaker、InDesign、方正飞腾等主流排版软件在出版物版式设计与制作领域的实际工作流程为主要线索,介绍了版式设计过程中的完整项目流程、出版物设计的流行风格和趋势、案例设计、设计目标分析等技巧。
●
相关链接 在E读中查询图书 在五车中查询图书 在当当中查询图书 在豆瓣中查询图书


正题名:白领就业指南     索取号:TS812/42         预约/预借

序号 登录号 条形码 馆藏地/架位号 状态 备注
1 0608472   206084725   第二样本阅览室/ [索取号:TS812/42] 在馆    
2 0608473   206084734   第三借阅区/ [索取号:TS812/42] 在馆    
3 0608474   206084743   第三借阅区/ [索取号:TS812/42] 在馆    
唐山师范学院图书馆 欢迎您!
大连网信软件有限公司© 版权所有